000 00366cam a2200169ua 4500
001 1758
008 121122n ii |||gr||||Z||||||eng
040 _aMAIN
041 _aEnglish
082 _bBAS
100 _aBasu,Sankar Prasad.
245 _aPractice In Accountancy
250 _a8th.
260 _aDelhi:
_bRabindra Library.
300 _a1243.
942 _cBK
999 _c1754
_d1754